000 00335cam a2200145ua 4500
001 5851
008 190424n II |||gr||||Z||||||asm
040 _aMAIN
041 _aEnglish
082 _a796 BOR
100 _aBORA , RAMESH CHANDRA.
245 _aOLYMPIC KHELOR KATHA
653 _aAthletic & outdoor sports & games
942 _cBK
999 _c5836
_d5836